000 00471nam a2200169Ia 4500
003 GCL
008 140319s9999 xx 000 0 eng d
040 _aGCL /
_cGCL
082 0 4 _a621.382
_bY E
100 1 _aYONMG, PAUL H.
245 1 0 _aELECTRONIC COMMUNICATION TECHNIQUES, THIRD EDITION /
_cYONMG, PAUL H.
260 _a[S.N] :
_bMACMILLAN PUBLISHING COMPANY ،
_c1994
300 _a811 P
650 0 4 _aTELECOMMUNICATION
650 0 4 _aELECTRONICS
942 _2ddc
_cBK
999 _c18253
_d18253